Impact of the Constitutional Law on Budget Responsibility on the Fiscal Position of the Slovak Government

Pravidlo rozpočtovej zodpovednosti a jeho vplyv na úroveň verejného dlhu na Slovensku. Rada pre rozpočtovú zodpovednosť. Úroveň hrubého dlhu a tzv. „dlhová brzda“. Účinky daných pravidiel na rozpočtové výdavky.

Salvato in:
Dettagli Bibliografici
Autore principale: Kurila, Jakub
Altri autori: Procházka, Gabriel, 1998-
Natura: Capitolo di libro
Lingua:inglese
Soggetti:
Tags: Aggiungi Tag
Nessun Tag, puoi essere il primo ad aggiungerne!!

MARC

LEADER 00000naa a2200000 4500
001 0290529
005 20250626081738.4
041 0 |a eng 
044 |a SK 
245 1 0 |a Impact of the Constitutional Law on Budget Responsibility on the Fiscal Position of the Slovak Government  |c Jakub Kurila, Gabriel Procházka 
520 |a Pravidlo rozpočtovej zodpovednosti a jeho vplyv na úroveň verejného dlhu na Slovensku. Rada pre rozpočtovú zodpovednosť. Úroveň hrubého dlhu a tzv. „dlhová brzda“. Účinky daných pravidiel na rozpočtové výdavky. 
610 2 0 |a dlhy verejné 
610 2 0 |a zodpovednosť rozpočtová 
610 2 0 |a politika fiškálna 
610 2 0 |a vláda 
610 2 0 |a zákony 
610 2 0 |a metódy kontroly 
610 2 0 |a Slovensko 
100 1 |a Kurila, Jakub 
700 1 |a Procházka, Gabriel, 1998-